Automation Production Systems And Computer-Integrated Manufacturing (Record no. 33832)
[ view plain ]
| 000 -LEADER | |
|---|---|
| fixed length control field | 00455nam a22001817a 4500 |
| 003 - CONTROL NUMBER IDENTIFIER | |
| control field | NUST |
| 020 ## - INTERNATIONAL STANDARD BOOK NUMBER | |
| International Standard Book Number | 978-81-203-3418-2 |
| 038 ## - RECORD CONTENT LICENSOR | |
| Staff Name | Khadija |
| 082 ## - DEWEY DECIMAL CLASSIFICATION NUMBER | |
| Classification number | 670.427 |
| Author Mark | GRO |
| 100 ## - MAIN ENTRY--PERSONAL NAME | |
| Personal name | Groover, Mikell P. |
| 9 (RLIN) | 86719 |
| 245 ## - TITLE STATEMENT | |
| Title | Automation Production Systems And Computer-Integrated Manufacturing |
| 250 ## - EDITION STATEMENT | |
| Edition statement | 3rd ed. |
| 260 ## - PUBLICATION, DISTRIBUTION, ETC. | |
| Place of publication, distribution, etc. | New Delhi : |
| Name of publisher, distributor, etc. | PHI , |
| Date of publication, distribution, etc. | 2014. |
| 300 ## - PHYSICAL DESCRIPTION | |
| Extent | 815 p. ; |
| Other physical details | 25 cm. |
| 500 ## - GENERAL NOTE | |
| General note | Paperback. |
| 563 ## - BINDING INFORMATION | |
| Binding note | PB |
| 942 ## - ADDED ENTRY ELEMENTS (KOHA) | |
| Koha item type | Book |
| Source of classification or shelving scheme | |
| Withdrawn status | Lost status | Source of classification or shelving scheme | Damaged status | Not for loan | Permanent Location | Current Location | Shelving location | Date acquired | Total Checkouts | Total Renewals | Full call number | Barcode | Checked out | Date last seen | Date last checked out | Price effective from | Koha item type |
|---|---|---|---|---|---|---|---|---|---|---|---|---|---|---|---|---|---|
| School of Mechanical & Manufacturing Engineering (SMME) | School of Mechanical & Manufacturing Engineering (SMME) | General Stacks | 05/17/2016 | 3 | 3 | 670.427 GRO | SMME-3120 | 05/02/2024 | 04/02/2024 | 04/02/2024 | 05/17/2016 | Book |
